| 000 | 01072nam a2200325 i 4500 | ||
|---|---|---|---|
| 999 |
_c200448728 _d66940 |
||
| 001 | 200448728 | ||
| 003 | TR-AnTOB | ||
| 005 | 20231204115828.0 | ||
| 007 | ta | ||
| 008 | 041102s1966 tu 000 0 tur d | ||
| 035 | _a(TR-AnTOB)200448728 | ||
| 040 |
_aTR-AnTOB _beng _erda _cTR-AnTOB |
||
| 041 | 0 | _atur | |
| 050 | 4 |
_aHC495.I5 _bÜ44 1966 |
|
| 090 |
_aHC495.I5 _bÜ44 1966 |
||
| 100 | 1 |
_aÜlgener, Sabri Fehmi, _d1911-1983 _eauthor _912705 |
|
| 245 | 1 | 0 |
_aMilli gelir, istihdam ve iktisadi büyüme / _cProf. Dr. Sabri F. Ülgener. |
| 250 | _aDüzeltilmiş ikinci baskı. | ||
| 264 | 1 |
_aİstanbul : _bİstanbul Üniversitesi, _c1966. |
|
| 300 |
_aviii, 458 pages ; _c24 cm |
||
| 336 |
_atext _btxt _2rdacontent |
||
| 337 |
_aunmediated _bn _2rdamedia |
||
| 338 |
_avolume _bnc _2rdacarrier |
||
| 490 | 0 |
_aİstanbul Üniversitesi yayınlarından ; _v1161. _aİktisat Fakültesi ; _v175 |
|
| 650 | 0 |
_aMilli gelir _zTürkiye _912709 |
|
| 651 | 7 |
_aTürkiye _xEkonomi politikası _2 _911070 |
|
| 942 |
_2lcc _cBK |
||